| 000 | 00507nam a2200145Ia 4500 | ||
|---|---|---|---|
| 008 | 231129s2007||||xx |||||||||||||| ||spa|| | ||
| 020 | _a978-958-44-1557-8 | ||
| 040 | _bspa | ||
| 082 | _a307.7686132 ó84p | ||
| 100 | _aOsorio Valencia Julián | ||
| 245 | 0 | _aPereira: Imágenes de ciudad. Las formaciones ideológicas y discursivas en tres momentos de la literatura pereirana | |
| 260 | _c2007 | ||
| 264 | _aFondo Editorial Gobernación de Risaralda | ||
| 942 |
_2ddc _cBKS |
||
| 999 |
_c22672 _d22672 |
||